Vaidik mantro me samajikaran ki svayam siddhiya / (Record no. 11558)

MARC details
000 -LEADER
fixed length control field 00421nam a2200157Ia 4500
005 - DATE AND TIME OF LATEST TRANSACTION
control field 20240807062212.0
008 - FIXED-LENGTH DATA ELEMENTS--GENERAL INFORMATION
fixed length control field 240806s9999||||xx |||||||||||||| ||eng||
041 ## - LANGUAGE CODE
Language code of text/sound track or separate title eng
082 ## - DEWEY DECIMAL CLASSIFICATION NUMBER
Classification number 294.5921
Item number CHAV
100 ## - MAIN ENTRY--AUTHOR NAME
Personal name Chaturvedi Yateedr Nath
245 #0 - TITLE STATEMENT
Title Vaidik mantro me samajikaran ki svayam siddhiya /
Statement of responsibility, etc Chaturvedi Yateedr Nath
260 ## - PUBLICATION, DISTRIBUTION, ETC. (IMPRINT)
Name of publisher Lok Sadhana Varanashi
300 ## - PHYSICAL DESCRIPTION
Number of Pages 226
650 ## - SUBJECT ADDED ENTRY--TOPICAL TERM
Topical Term Sanskrit
942 ## - ADDED ENTRY ELEMENTS (KOHA)
Koha item type Books
Holdings
Withdrawn status Lost status Damaged status Not for loan Permanent Location Current Location Shelving location Date acquired Cost, normal purchase price Full call number Accession Number Koha item type
        Central Library, CMP Central Library, CMP General stacks 07/08/2024 250.00 294.5921 CHAV 72816 Books

Implemented and Maintained by Dr. Punit Kumar Singh

For any Suggestions/Queries, contact the library or email us at: library.cmpdc@gmail.com OR library@cmpcollege.ac.in

Website/OPAC is best viewed in Mozilla Browser at a resolution of 1366x768.